000 00469nam a22001817a 4500
003 CEME
005 20210628203251.0
008 210203b xxu||||| |||| 00| 0 eng d
020 _a0-02-676110-6
040 _c.
082 _a642 KOW
100 _aKowtaluk, Helen, Kopan, Alice .O
_964388
245 _aFood for today
260 _aNEW YORK
_bGLECONE
_c1990
300 _aXI,628P
650 _aNUTRITION. FOOD SKILLS. FOOD PREPARATION.
_964389
942 _cBK
_2ddc
999 _c572897
_d572897